Teoría del partisano. Acotación al concepto de lo político.
Bewaard in:
| Hoofdauteur: | |
|---|---|
| Formaat: | Boek |
| Taal: | Spaans |
| Gepubliceerd in: |
Santiago, Chile:
Ediciones Olejnik,
2024.
|
| Reeks: | Biblioteca de Filosofía del Derecho.
|
| Onderwerpen: | |
| Tags: |
Voeg label toe
Geen labels, Wees de eerste die dit record labelt!
|
MARC
| LEADER | 00000nam a2200000 a 4500 | ||
|---|---|---|---|
| 001 | UCS2645 | ||
| 003 | CL-VaPUC | ||
| 005 | 20250331162304.0 | ||
| 008 | 220629t2024 ||||| |||| 00spa eng d | ||
| 999 | |c 447713 |d 447711 | ||
| 020 | |a 978-956-407-528-0 | ||
| 040 | |c Pontificia Universidad Católica de Valparaíso | ||
| 082 | 7 | |a 355.0218 SCH 2024 |2 22 | |
| 100 | |a Schmitt, Carl, |d 1888-1985 |e autor |9 258380 | ||
| 245 | |a Teoría del partisano. |b Acotación al concepto de lo político. | ||
| 260 | |a Santiago, Chile: |b Ediciones Olejnik, |c 2024. | ||
| 300 | |a 121 páginas. | ||
| 490 | |a Biblioteca de Filosofía del Derecho. | ||
| 500 | |a c.1: Donación Rectoría. Biblioteca de Derecho. 20-01-2025. | ||
| 583 | |a last modification |c 19970604 00:00:00 |k Yessy Sthefany Diaz Vidal | ||
| 650 | |a Guerrilla |9 535906 |x Aspectos filosóficos |z Europa | ||
| 650 | |a Partisano |9 871826 |x Historia política |z Europa | ||
| 650 | 0 | |a Partisanismo |9 897670 |x Aspectos políticos |z Europa | |
| 942 | |c BK |2 ddc | ||
| 952 | |0 0 |1 0 |2 ddc |4 0 |6 355_021800000000000_SCH_2024 |7 0 |8 A |9 601980 |a BIBDER |b BIBDER |d 2025-03-27 |e Donación |i 5666850 |o 355.0218 SCH 2024 |p 5666850 |r 2025-03-27 |t 1 |w 2025-03-27 |y BK |k DER | ||